000 00523nam a22001937a 4500
003 KOHA_MİRAKIL
005 20251022131516.0
008 251022b tu ||||| |||| 00| 0 tur d
020 _a9789750749094
040 _aTR-AnABB
_btur
_cTR-AnABB
041 _atur
082 _a843.8
_bZOL 2022
100 1 _aZola, Emile,
245 1 0 _aSuçluyorum /
_cEmile Zola
260 _aİstanbul :
_bCan Sanat Yayınları,
_c2022
300 _a43 sayfa ;
_c20 cm
650 0 4 _aFransız edebiyatı, roman
942 _2ddc
_cBK
999 _c9181
_d9181
900 _bGizem YORULMAZ